Największe miasta w Indiach - Statystyki

Ogólne statystyki
  • Ten quiz został rozwiązany 1 412 razy
    1 052 od ostatniego zresetowania
  • Średni wynik to 7 z 20
Statystyki odpowiedzi
Liczba ludności Miasto % Poprawnych
31,3 mln Delhi
95%
25,6 mln Mumbaj
94%
17,0 mln Kolkata
67%
11,6 mln Ćennaj
47%
12,7 mln Bangalore
45%
10,4 mln Hajdarabad
34%
8,75 mln Ahmadabad
30%
7,10 mln Pune
27%
2,35 mln Agra
26%
4,05 mln Dźajpur
26%
3,80 mln Lucknow
25%
3,33 mln Nagpur
22%
6,90 mln Surat
22%
2,73 mln Patna
18%
3,50 mln Kanpur
17%
2,48 mln Bhopal
14%
3,28 mln Indore
14%
2,78 mln Coimbatore
12%
2,98 mln Bhilai / Rajpur
9%
2,43 mln Czandigarh
7%
Nie znaleziono quizów pasujących do podanych kryteriów
Rozkład punktacji
Procent ludzi z każdym wynikiem
Percentyl według liczby udzielonych odpowiedzi
Twoja historia wyników
Nie rozwiązałeś tego quizu od ostatniego zresetowania